[Event "Crema op 14th"]
[Site "Crema"]
[Date "2012.09.02"]
[Round "6"]
[White "Frugoni, Giulio"]
[Black "Oteri, Aldo"]
[Result "1/2-1/2"]
[WhiteElo "1638"]
[BlackElo "1799"]
[PlyCount "92"]
[EventDate "2012.08.31"]
[EventType "swiss"]
[EventRounds "6"]
[EventCountry "ITA"]
[SourceTitle "EXT 2014"]
[Source "ChessBase"]
[SourceDate "2013.11.20"]
[SourceVersion "1"]
[SourceVersionDate "2013.11.20"]
[SourceQuality "1"]

1. Nf3 Nf6 2. d4 g6 3. c4 Bg7 4. Nc3 0-0 5. e4 d6 6. Bg5 Nbd7 7. Qd2 c5 8. d5 Ng4 9. h3 Nge5 10. Be2 Nxf3+ 11. Bxf3 Ne5 12. Qe2 h6 13. Bh4 g5 14. Bg3 e6 15. h4 exd5 16. hxg5 hxg5 17. Bxe5 Bxe5 18. Bg4 f5 19. Bxf5 Bxf5 20. exf5 Bxc3+ 21. Kf1 Bg7 22. Qh5 Rxf5 23. Qh7+ Kf8 24. Qxf5+ Qf6 25. Qxf6+ Bxf6 26. cxd5 Kg7 27. Re1 Be5 28. b3 b5 29. f3 c4 30. bxc4 bxc4 31. Rc1 c3 32. Rc2 Rc8 33. Ke2 Bf4 34. Rb1 Rc7 35. Kd3 Bd2 36. Rb4 Kf6 37. Re4 Kf5 38. g4+ Kf6 39. Re6+ Kf7 40. Rxd6 Re7 41. Re6 Rxe6 42. dxe6+ Kxe6 43. Kc4 Kd6 44. Kd4 Ke6 45. a4 Kd6 46. a5 a6 1/2-1/2

[Event "Crema op 14th"]
[Site "Crema"]
[Date "2012.09.01"]
[Round "3"]
[White "Frignani, Alessandro"]
[Black "Frugoni, Giulio"]
[Result "0-1"]
[WhiteElo "1377"]
[BlackElo "1638"]
[PlyCount "151"]
[EventDate "2012.08.31"]
[EventType "swiss"]
[EventRounds "6"]
[EventCountry "ITA"]
[SourceTitle "EXT 2014"]
[Source "ChessBase"]
[SourceDate "2013.11.20"]
[SourceVersion "1"]
[SourceVersionDate "2013.11.20"]
[SourceQuality "1"]

1. e4 c5 2. c4 d6 3. Nc3 Nf6 4. f3 g6 5. Nge2 a6 6. d3 Bg7 7. Qc2 Nc6 8. a3 Nd4 9. Qd1 e5 10. Be3 Nh5 11. Bxd4 cxd4 12. Nd5 0-0 13. g3 f5 14. Bg2 f4 15. g4 Qh4+ 16. Kf1 Bxg4 17. Qe1 Qg5 18. h4 Qd8 19. Qf2 b5 20. Kg1 Bd7 21. Bh3 Bxh3 22. Rxh3 Nf6 23. b4 Nxd5 24. cxd5 Rc8 25. Rc1 Rxc1+ 26. Nxc1 Qc8 27. Qf1 Qc3 28. Rh2 Rc8 29. Ne2 Qxa3 30. Kg2 Qxb4 31. Rh1 Rc2 32. Kh3 Qd2 33. Nc1 Rb2 34. Qg1 Bf6 35. Rh2 Qxh2+ 36. Qxh2 Rxh2+ 37. Kxh2 a5 38. Nb3 a4 39. Na5 b4 40. Nc4 Be7 41. Kg2 a3 42. Nd2 Bxh4 43. Kf1 h5 44. Ke2 Bg3 45. Kd1 Bf2 46. Kc2 Be1 47. Nc4 Bc3 48. Kb3 h4 49. Nxd6 Kf8 50. Nc4 h3 51. Nxe5 h2 52. Nxg6+ Kg7 53. Nxf4 h1Q 54. Ne6+ Kf6 55. f4 Qd1+ 56. Kc4 Qa4 57. Kc5 Qa7+ 58. Kb5 Qb7+ 59. Kc4 b3 60. e5+ Ke7 61. f5 Qa6+ 62. Kc5 Qa5+ 63. Kc6 Qa4+ 64. Kc7 Qa5+ 65. Kc6 Qa4+ 66. Kc7 Ba5+ 67. Kc8 Qd7+ 68. Kb8 Bb6 69. f6+ Kf7 70. Ng5+ Kg6 71. Ne6 Qa7+ 72. Kc8 Kf7 73. Ng5+ Ke8 74. f7+ Kf8 75. Ne6+ Kxf7 76. Nd8+ 0-1

[Event "Condino op 11th"]
[Site "Condino"]
[Date "2011.07.27"]
[Round "5"]
[White "Tricerri, Pierino"]
[Black "Frugoni, Giulio"]
[Result "0-1"]
[WhiteElo "1508"]
[BlackElo "1685"]
[PlyCount "74"]
[EventDate "2011.07.25"]
[EventType "swiss"]
[EventRounds "7"]
[EventCountry "ITA"]
[SourceTitle "EXT 2012"]
[Source "ChessBase"]
[SourceDate "2011.11.24"]
[SourceVersion "1"]
[SourceVersionDate "2011.11.24"]
[SourceQuality "1"]

1. d4 Nf6 2. c4 e6 3. Nc3 d5 4. cxd5 exd5 5. Bg5 Be7 6. e3 h6 7. Bh4 a6 8. Rc1 Be6 9. Bd3 Nbd7 10. Nge2 c5 11. Bg3 c4 12. Bb1 Rc8 13. b3 Ba3 14. Rc2 Bf5 15. Rd2 Bxb1 16. Qxb1 Qb6 17. Nf4 Bb4 18. Rc2 Ne4 19. Nfxd5 Bxc3+ 20. Nxc3 Qb4 21. Qb2 cxb3 22. Qxb3 Qxb3 23. axb3 Rxc3 24. Rxc3 Nxc3 25. 0-0 Ne2+ 26. Kh1 Nxg3+ 27. fxg3 Ke7 28. Rc1 Kd6 29. e4 f6 30. Rd1 Rc8 31. e5+ fxe5 32. dxe5+ Kxe5 33. h3 Nb6 34. Re1+ Kd6 35. Rd1+ Nd5 36. h4 Rc3 37. b4 Rxg3 0-1

[Event "Franciacorta op 1st"]
[Site "Castelli Calepio"]
[Date "2007.04.28"]
[Round "2"]
[White "Frugoni, Giulio"]
[Black "Garnero, Lorenzo"]
[Result "0-1"]
[WhiteElo "1562"]
[BlackElo "1569"]
[PlyCount "64"]
[EventDate "2007.04.28"]
[EventType "swiss"]
[EventRounds "3"]
[EventCountry "ITA"]
[SourceTitle "EXT 2010"]
[Source "ChessBase"]
[SourceDate "2010.11.25"]
[SourceVersion "1"]
[SourceVersionDate "2010.11.25"]
[SourceQuality "1"]

1. e4 e5 2. Nf3 Nf6 3. Nc3 Nc6 4. d4 exd4 5. Nxd4 Bb4 6. Nf5 0-0 7. Bg5 Re8 8. Bd3 Nxe4 9. 0-0 Nxg5 10. Qh5 g6 11. Qh6 Bf8 12. Qh4 gxf5 13. Qg3 d5 14. f4 d4 15. Nd1 Bd6 16. h4 h6 17. hxg5 Qxg5 18. Qh3 Bxf4 19. Kh1 Qg3 20. Qxg3+ Bxg3 21. Nf2 Re5 22. Nh3 Bd7 23. Nf4 Bxf4 24. Rxf4 Rae8 25. Rh4 Re1+ 26. Rxe1 Rxe1+ 27. Kh2 Kg7 28. Rf4 Kg6 29. Kg3 Kg5 30. Rf2 Re3+ 31. Rf3 f4+ 32. Kf2 Ne5 0-1